000 00697nam a2200241Ia 4500
005 20231110114632.0
008 131103s9999 xx 000 0 und d
020 _a81-85095-70-1
_cRs. 57
040 _aLoreto College
041 _aEnglish
082 _a320.973
_bPET
100 _aPeters, B. Guy
245 _aAmerican public policy
_b promise and performance
_cB. Guy Peters
250 _a2nd ed.
260 _aNew Delhi
_bAffiliated East-West Press
_c1988
300 _aviii,344 p.
_b ill.,figures,tables
504 _aIncludes index
630 _aUnited States - Politics and Government
650 _aPolitics -
651 _aPolitical Science -
850 _aLCLIB
942 _cBK
999 _c1237
_d51716